00350nam a2200133 a 450000500170000000800410001702000180005805000170007610000200009324500460011326000350015930000090019465000130020320140412111401.0100121s19uu xx 00 eng d a1-57064-118-8 aERbD86 1997 aDudko, Mary Ann aBarney's Alphabet Soup /cMary Ann Dudko. aNew York :bScholastic,c1997. aunp. aAlphabet